[Event "Bayernliga U20 1112"]
[Site "Bayern"]
[Date "2011.12.03"]
[Round "2.5"]
[White "Finkes, Sebastian"]
[Black "Kellmann, Andreas"]
[Result "0-1"]
[WhiteElo "1071"]
[BlackElo "1488"]
[PlyCount "100"]
[EventDate "2011.11.12"]
[EventType "team-swiss"]
[EventRounds "7"]
[EventCountry "GER"]
[SourceTitle "EXT 2022"]
[Source "ChessBase"]
[SourceDate "2021.10.06"]
[SourceVersion "1"]
[SourceVersionDate "2021.10.06"]
[SourceQuality "1"]
[WhiteTeam "Lauf SV U20"]
[BlackTeam "Buechenbach/Roth U20"]
[WhiteTeamCountry "GER"]
[BlackTeamCountry "GER"]

1. e4 e6 2. Nc3 Nc6 3. Nf3 Nf6 4. d4 Bb4 5. Bd2 Bxc3 6. Bxc3 Nxe4 7. Bd3 Nxc3 8. bxc3 b6 9. 0-0 Bb7 10. Qd2 Ne7 11. Ng5 Ng6 12. Be4 Bxe4 13. Nxe4 d5 14. Ng3 0-0 15. Rab1 f5 16. f4 Qd6 17. Rb4 a5 18. Rb3 c5 19. Nh5 cxd4 20. Qxd4 Qc5 21. Re1 Rfe8 22. a4 e5 23. fxe5 Nxe5 24. Rb5 Qxd4+ 25. cxd4 Nf3+ 26. gxf3 Rxe1+ 27. Kf2 Rc1 28. Rxd5 Rxc2+ 29. Kg3 g6 30. Nf4 Rc4 31. Rd6 Rxa4 32. Ne6 b5 33. Nc7 Rb8 34. Na6 b4 35. Nxb8 b3 36. Na6 b2 37. Rb6 Rb4 38. Nxb4 b1Q 39. Nd5 Qe1+ 40. Kf4 Qh4+ 41. Ke5 Qxh2+ 42. Kf6 Qh4+ 43. Ke6 Kg7 44. Rb7+ Kh6 45. f4 Qe1+ 46. Kf7 Qe4 47. Rd7 Qxd4 48. Kg8 Kh5 49. Nf6+ Qxf6 50. Rxh7+ Kg4 0-1

[Event "Bayernliga U20 1112"]
[Site "Bayern"]
[Date "2011.12.03"]
[Round "3.5"]
[White "Kellmann, Andreas"]
[Black "Noettling, Dominik"]
[Result "1-0"]
[WhiteElo "1488"]
[BlackElo "1745"]
[PlyCount "53"]
[EventDate "2011.11.12"]
[EventType "team-swiss"]
[EventRounds "7"]
[EventCountry "GER"]
[SourceTitle "EXT 2022"]
[Source "ChessBase"]
[SourceDate "2021.10.06"]
[SourceVersion "1"]
[SourceVersionDate "2021.10.06"]
[SourceQuality "1"]
[WhiteTeam "Buechenbach/Roth U20"]
[BlackTeam "Forchheim SC U20"]
[WhiteTeamCountry "GER"]
[BlackTeamCountry "GER"]

1. e4 b6 2. Nc3 Bb7 3. Bc4 e6 4. d3 c5 5. Nge2 d5 6. exd5 exd5 7. Bb5+ Nd7 8. f3 a6 9. Bxd7+ Qxd7 10. Bf4 Bd6 11. Qd2 Nf6 12. Bxd6 Qxd6 13. Qf4 Qe7 14. 0-0 0-0 15. Rfe1 Rfe8 16. Ng3 Qd7 17. Nf5 g6 18. Ng3 Kg7 19. h4 h5 20. Na4 Qc6 21. Nc3 b5 22. a3 a5 23. Nxb5 d4 24. Nd6 Rxe1+ 25. Rxe1 Rf8 26. Ngf5+ gxf5 27. Nxf5+ 1-0

[Event "Mittelfranken-ch QT 60th"]
[Site "Buechenbach/Roth"]
[Date "2011.04.22"]
[Round "6"]
[White "Kellmann, Andreas"]
[Black "Dreiseitel, Ursula"]
[Result "0-1"]
[WhiteElo "1408"]
[BlackElo "1298"]
[PlyCount "70"]
[EventDate "2011.04.20"]
[EventType "swiss"]
[EventRounds "7"]
[EventCountry "GER"]
[SourceTitle "CBM 142 Extra"]
[Source "ChessBase"]
[SourceDate "2011.06.27"]
[SourceVersion "1"]
[SourceVersionDate "2011.06.27"]
[SourceQuality "1"]

1. e4 d6 2. d4 Nf6 3. Nc3 g6 4. Nf3 Bg7 5. Bd3 0-0 6. Be3 Nbd7 7. Qd2 Ng4 8. Bf4 e5 9. dxe5 Ngxe5 10. Nxe5 Nxe5 11. 0-0 Bd7 12. Rfe1 Re8 13. f3 c6 14. Rab1 Be6 15. b3 Rc8 16. Ne2 b5 17. Nd4 Qb6 18. Be3 Qc7 19. Qf2 a6 20. Be2 Bd7 21. Bd3 c5 22. Ne2 Be6 23. Ng3 d5 24. exd5 Bxd5 25. Be4 Bc6 26. Bxc6 Qxc6 27. Ne4 c4 28. Bd4 cxb3 29. axb3 Qxc2 30. Qxc2 Rxc2 31. Nc5 Nxf3+ 32. gxf3 Rxe1+ 33. Rxe1 Bxd4+ 34. Kh1 Bxc5 35. Re8+ Bf8 0-1

[Event "Mittelfranken-ch QT 60th"]
[Site "Buechenbach/Roth"]
[Date "2011.04.20"]
[Round "2"]
[White "Kellmann, Andreas"]
[Black "Dorner, Hans"]
[Result "1-0"]
[WhiteElo "1408"]
[BlackElo "1611"]
[PlyCount "51"]
[EventDate "2011.04.20"]
[EventType "swiss"]
[EventRounds "7"]
[EventCountry "GER"]
[SourceTitle "CBM 142 Extra"]
[Source "ChessBase"]
[SourceDate "2011.06.27"]
[SourceVersion "1"]
[SourceVersionDate "2011.06.27"]
[SourceQuality "1"]

1. e4 d5 2. exd5 Qxd5 3. Nc3 Qa5 4. Bc4 Nf6 5. d3 Bg4 6. f3 Bh5 7. Bd2 c6 8. Nge2 e6 9. Nd5 Qd8 10. Ne3 Nbd7 11. Nf4 Bd6 12. Nxh5 Nxh5 13. Qe2 Ne5 14. Bb3 Nf4 15. Qf1 Bc5 16. 0-0-0 Qd4 17. g3 Nfxd3+ 18. cxd3 Nxd3+ 19. Kc2 0-0-0 20. Nc4 b5 21. Be3 Qf6 22. Rxd3 bxc4 23. Rxd8+ Rxd8 24. Bxc5 Qf5+ 25. Kc3 cxb3 26. Qa6+ 1-0